<?xml version="1.0" encoding="UTF-8"?>
<record
    xmlns:xsi="http://www.w3.org/2001/XMLSchema-instance"
    xsi:schemaLocation="http://www.loc.gov/MARC21/slim http://www.loc.gov/standards/marcxml/schema/MARC21slim.xsd"
    xmlns="http://www.loc.gov/MARC21/slim">

  <leader>02231nam a22002057a 4500</leader>
  <controlfield tag="005">20220420095059.0</controlfield>
  <controlfield tag="008">220411b           ||||| |||| 00| 0 eng d</controlfield>
  <datafield tag="020" ind1=" " ind2=" ">
    <subfield code="a">9781534471252</subfield>
  </datafield>
  <datafield tag="040" ind1=" " ind2=" ">
    <subfield code="c">AL</subfield>
  </datafield>
  <datafield tag="041" ind1=" " ind2=" ">
    <subfield code="a">eng</subfield>
  </datafield>
  <datafield tag="082" ind1=" " ind2=" ">
    <subfield code="2">23</subfield>
    <subfield code="a">821.92</subfield>
    <subfield code="b">NAMC</subfield>
  </datafield>
  <datafield tag="100" ind1=" " ind2=" ">
    <subfield code="a">Laura Taylor Namey</subfield>
    <subfield code="9">29347</subfield>
  </datafield>
  <datafield tag="245" ind1=" " ind2=" ">
    <subfield code="a">Cuban girls guide to tea and tomorrow</subfield>
  </datafield>
  <datafield tag="260" ind1=" " ind2=" ">
    <subfield code="a">New York</subfield>
    <subfield code="b">Simon and Schuster Childrens Publishing</subfield>
    <subfield code="c">2021</subfield>
  </datafield>
  <datafield tag="300" ind1=" " ind2=" ">
    <subfield code="a">308p.</subfield>
    <subfield code="b">PB</subfield>
    <subfield code="c">21x14cm.</subfield>
  </datafield>
  <datafield tag="365" ind1=" " ind2=" ">
    <subfield code="2">General</subfield>
    <subfield code="a">6320</subfield>
    <subfield code="b">&#x20B9;389.22</subfield>
    <subfield code="c">&#x20B9;</subfield>
    <subfield code="d">&#x20B9;499.00</subfield>
    <subfield code="e">22%</subfield>
    <subfield code="f">08-03-2022</subfield>
  </datafield>
  <datafield tag="520" ind1=" " ind2=" ">
    <subfield code="a">&#x201C;A Cuban Girl&#x2019;s Guide to Tea and Tomorrow is an absolute delight. Cozier than a hand-knit gray cardigan and richer than Abuela&#x2019;s pastelito recipe, Namey takes you from Miami to Winchester, and leaves your heart belonging to both.&#x201D; &#x2014;Rachael Lippincott, #1 New York Times bestselling author of Five Feet Apart
Love &amp; Gelato meets Don&#x2019;t Date Rosa Santos in this charming, heartfelt story following a Miami girl who unexpectedly finds love&#x2014;and herself&#x2014;in a small English town.
for Lila Reyes, a summer in England was never part of the plan. The plan was 1) take over her abuela&#x2019;s role as head baker at their panader&#xED;a, 2) move in with her best friend after graduation, and 3) live happily ever after with her boyfriend. But then the Trifecta happened, and everything&#x2014;including Lila herself&#x2014;fell apart.
Worried about Lila&#x2019;s mental health, her parents make a new plan for her: Spend three months with family friends in Winchester, England, to relax and reset. But with the lack of sun, a grumpy inn cook, and a small town lacking Miami flavor (both in food and otherwise), what would be a dream trip for some feels more like a nightmare to Lila&#x2026;until she meets Orion Maxwell.
A teashop clerk with troubles of his own, Orion is determined to help Lila out of her funk, and appoints himself as her personal tour guide. From Winchester&#x2019;s drama-filled music scene to the sweeping English countryside, it isn&#x2019;t long before Lila is not only charmed by Orion, but England itself. Soon a new future is beginning to form in Lila&#x2019;s mind&#x2014;one that would mean leaving everything she ever planned behind.</subfield>
  </datafield>
  <datafield tag="650" ind1=" " ind2=" ">
    <subfield code="2">English </subfield>
    <subfield code="a">English Poetry</subfield>
    <subfield code="9">29348</subfield>
  </datafield>
  <datafield tag="942" ind1=" " ind2=" ">
    <subfield code="2">ddc</subfield>
    <subfield code="c">BK</subfield>
  </datafield>
  <datafield tag="999" ind1=" " ind2=" ">
    <subfield code="c">222365</subfield>
    <subfield code="d">222365</subfield>
  </datafield>
  <datafield tag="952" ind1=" " ind2=" ">
    <subfield code="0">0</subfield>
    <subfield code="1">0</subfield>
    <subfield code="2">ddc</subfield>
    <subfield code="4">0</subfield>
    <subfield code="7">0</subfield>
    <subfield code="8">MAENG</subfield>
    <subfield code="a">SACPG</subfield>
    <subfield code="b">SACPG</subfield>
    <subfield code="d">2022-03-11</subfield>
    <subfield code="e">Biblios Book Point</subfield>
    <subfield code="g">389.22</subfield>
    <subfield code="l">3</subfield>
    <subfield code="o">821.92 NAMC</subfield>
    <subfield code="p">PG023843</subfield>
    <subfield code="r">2025-09-29 08:57:55</subfield>
    <subfield code="s">2025-09-20</subfield>
    <subfield code="v">499.00</subfield>
    <subfield code="w">2022-03-08</subfield>
    <subfield code="y">BK</subfield>
  </datafield>
</record>
